000 00898cad a22002055a 4500
001 E154048
008 111010s2011 xxk f s000 0 eng d
020 _a9781780454344
035 _a(Sirsi) u154048
041 0 _aeng
110 2 _aScotland
_bScottish Government
_95344
245 0 0 _aEnergy efficiency and microgeneration in the built environment, skills research for Scotland
_h[electronic resource]
260 _aEdinburgh
_bScottish Government
_c2011
520 _aLooks at how improvements in energy efficiency and the development of microgeneration technologies will affect employment and skills in Scotland.
590 _aKA
651 4 _aScotland
_y1999-
690 _aENVIRONMENTAL AND LAND CONSULTANCY-ENERGY-ENERGY USE-ENERGY EFFICIENCY
856 4 0 _uhttps://www.scotland.gov.uk/Publications/2011/10/04142122/0
_zView the report free of charge at www.scotland.gov.uk
942 _n0
999 _c112819
_d112819